Dirección de operaciones: aspectos tácticos y operativos en la producción y los servicios

Αποθηκεύτηκε σε:
Λεπτομέρειες βιβλιογραφικής εγγραφής
Κύριοι συγγραφείς: Domínguez Machuca, José Antonio (Συγγραφέας), García Gonzalez, Santiago (Συγγραφέας), Domínguez Machuca, Miguel Angel (Συγγραφέας), Ruiz Jimenez, Antonio (Συγγραφέας), Alvarez Gil, María José (Συγγραφέας)
Μορφή: Βιβλίο
Γλώσσα:Ισπανικά
Έκδοση: Madrid McGraw-Hill 1995
Θέματα:
Ετικέτες: Προσθήκη ετικέτας
Δεν υπάρχουν, Καταχωρήστε ετικέτα πρώτοι!

MARC

LEADER 00000nam a2200000 a 4500
001 UCY9111
003 CL-VaPUC
008 950713e19950000SP |||||||||||||||||spa|d
082 0 4 |a 658.5  |b DOM  |2 21 
100 0 |a Domínguez Machuca, José Antonio  |e author  |9 341140 
700 0 |a García Gonzalez, Santiago  |e author  |9 341141 
700 0 |a Domínguez Machuca, Miguel Angel  |e author  |9 341142 
700 0 |a Ruiz Jimenez, Antonio  |e author  |9 341143 
700 0 |a Alvarez Gil, María José  |e author  |9 341144 
245 1 0 |a Dirección de operaciones: aspectos tácticos y operativos en la producción y los servicios 
300 |a 503 p 
942 |c BK 
945 |d 19950713 00:00:00  |a awong 
260 |a Madrid  |b McGraw-Hill  |c 1995 
650 0 |a Gestión de la producción   |9 259467 
650 0 |a Producción  |x Planificación  |9 260672 
650 7 |a CONTROL DE PRODUCCION  |2 CL-VaPUC  |9 271421 
650 7 |a PRODUCTOS  |2 CL-VaPUC  |9 338640 
650 0 |a Calidad total  |9 259929 
650 0 |a Control de calidad   |9 259714 
583 |a last modification  |c 19950713 00:00:00  |k Rodrigo Vera 
999 |c 236262  |d 236260 
952 |0 0  |1 0  |4 0  |6 658_500000000000000_DOM_1995  |7 0  |8 A  |9 244285  |a BIBMEC  |b BIBMEC  |d 2019-11-18  |i 3107566  |o 658.5 DOM 1995  |p 3107566  |r 2024-01-19  |w 2019-11-18  |y BK  |k MEC 
952 |0 0  |1 0  |4 0  |6 658_500000000000000_DOM_1995  |7 0  |8 A  |9 244286  |a BIBENE  |b BIBENE  |d 2019-11-18  |i 3131602  |o 658.5 DOM 1995  |p 3131602  |r 2025-01-15  |w 2019-11-18  |y BK  |k ICO 
952 |0 0  |1 0  |4 0  |6 658_500000000000000_DOM_1995  |7 0  |8 A  |9 244287  |a BIBMEC  |b BIBMEC  |d 2019-11-18  |i 3225984  |o 658.5 DOM 1995  |p 3225984  |r 2024-01-19  |w 2019-11-18  |y BK  |k MEC